000
00347nam a2200157Ia 4500
100
_a
Module D22
650
_a
Electrical Engineering
942
_c
BK
654
_a
Thin Plate Working II
245
_a
Thin Plate Working II
260
_b
E.I.T.B
_a
England
_c
1982
082
_a
621.8
_b
ITB
300
_a
112
546
_a
ENGLISH
999
_c
29983
_d
29983